000 00538nmm a2200157Ia 4500
008 251105s9999||||xx |||||||||||||||||und||
041 _aspa
100 _aAlonso Vidal, María
245 0 _aLas intermitencias de los infinitos lésbicos :
_b Relaciones de género entre lesbianas. Una autoetnografía feminista
264 _a[Madrid, España] :
_bEditorial Egales,
_c2022
300 _a424 páginas
490 _aEnsayo
650 _aGender and Women Studies
856 _uhttps://public.digitaliapublishing.com/a/135807
942 _cCF
999 _c99234
_d99234